República Dominicana [Texto impreso]: / (Record no. 50753)
[ view plain ]
| 000 -CABECERA | |
|---|---|
| campo de control de longitud fija | 01198nam a2200289 a 4500 |
| 003 - IDENTIFICADOR DEL NÚMERO DE CONTROL | |
| campo de control | DO-SdBNP |
| 005 - FECHA Y HORA DE LA ÚLTIMA TRANSACCIÓN | |
| campo de control | 20240905101900.0 |
| 007 - CAMPO FIJO DE DESCRIPCIÓN FÍSICA--INFORMACIÓN GENERAL | |
| campo de control de longitud fija | ta |
| 008 - DATOS DE LONGITUD FIJA--INFORMACIÓN GENERAL | |
| campo de control de longitud fija | 211014e2008 dr aob|gr|||| 001 0 spa d |
| 020 ## - NÚMERO INTERNACIONAL ESTÁNDAR DEL LIBRO | |
| Número Internacional Estándar del Libro | 9788482984117 |
| 040 ## - FUENTE DE LA CATALOGACIÓN | |
| Centro catalogador/agencia de origen | DO-SdBNP |
| Lengua de catalogación | spa |
| Centro/agencia transcriptor | BNPHU |
| 082 #4 - NÚMERO DE LA CLASIFICACIÓN DECIMAL DEWEY | |
| Número de edición | 22 |
| Número de documento/Ítem | B167r |
| 100 1# - ENTRADA PRINCIPAL--NOMBRE DE PERSONA | |
| Nombre de persona | Baker, Christopher P. |
| 9 (RLIN) | 80224 |
| 245 10 - MENCIÓN DE TÍTULO | |
| Título | República Dominicana [Texto impreso]: / |
| Resto del título | Christopher P. Baker ; fotografías de Gilles Mingasson ; traducción, Álvaro García, Henar Recuero y Moisés Ramírez |
| 260 ## - PUBLICACIÓN, DISTRIBUCIÓN, ETC. | |
| Lugar de publicación, distribución, etc. | España : |
| Nombre del editor, distribuidor, etc. | RBA, |
| Fecha de publicación, distribución, etc. | 2008 |
| 300 ## - DESCRIPCIÓN FÍSICA | |
| Extensión | 239 p. : |
| Otras características físicas | il., mapas, planos ; |
| Dimensiones | 22 cm. |
| 490 0# - MENCIÓN DE SERIE | |
| Mención de serie | Guías Audi |
| 505 0# - NOTA DE CONTENIDO CON FORMATO | |
| Título | Historia y Cultura.-- |
| -- | Santo Domingo.-- |
| -- | El Sureste.-- |
| -- | La península de Samaná.-- |
| -- | La costa norte.-- |
| -- | El Cibao.-- |
| -- | Cordillera Central.-- |
| -- | El suroeste.-- |
| -- | Información práctica.-- |
| 590 ## - NOTA LOCAL (RLIN) | |
| Nota local | Inventariado 2021 / MF |
| 650 #4 - PUNTO DE ACCESO ADICIONAL DE MATERIA--TÉRMINO DE MATERIA | |
| Término de materia o nombre geográfico como elemento de entrada | Guías turísticas |
| Subdivisión general | República Dominicana |
| 9 (RLIN) | 80228 |
| 700 1# - PUNTO DE ACCESO ADICIONAL--NOMBRE DE PERSONA | |
| Código de función/relación | |
| Nombre de persona | Mingasson, Gilles |
| Término indicativo de función/relación | fotografías |
| 9 (RLIN) | 80225 |
| 700 ## - PUNTO DE ACCESO ADICIONAL--NOMBRE DE PERSONA | |
| 9 (RLIN) | 33594 |
| Nombre de persona | García, Álvaro, |
| Término indicativo de función/relación | ilustrador |
| 700 1# - PUNTO DE ACCESO ADICIONAL--NOMBRE DE PERSONA | |
| Nombre de persona | Recuero, Henar, |
| Término indicativo de función/relación | ilustrador |
| 9 (RLIN) | 80226 |
| 700 1# - PUNTO DE ACCESO ADICIONAL--NOMBRE DE PERSONA | |
| 9 (RLIN) | 9468 |
| Nombre de persona | Ramírez, Moisés, |
| Término indicativo de función/relación | ilustrador |
| 830 #0 - PUNTO DE ACCESO ADICIONAL DE SERIE-TÍTULO UNIFORME | |
| Título uniforme | Guías Audi |
| 9 (RLIN) | 80227 |
| Lenguaje de la obra | spa |
| 942 ## - ELEMENTOS DE PUNTO DE ACCESO ADICIONAL (KOHA) | |
| Fuente del sistema de clasificación o colocación | Dewey Decimal Classification |
| Tipo de ítem Koha | Libro |
| Estado de retiro | Estado de pérdida | Fuente del sistema de clasificación o colocación | Restricciones de uso | No para préstamo | Código de colección | Localización permanente | Ubicación/localización actual | Ubicación en estantería | Fecha de adquisición | Fuente de adquisición | Total de préstamos | Signatura topográfica completa | Código de barras | Fecha visto por última vez | Precio válido a partir de | Tipo de ítem Koha | Número de copia |
|---|---|---|---|---|---|---|---|---|---|---|---|---|---|---|---|---|---|
| Dewey Decimal Classification | Préstamo en sala | Dominicana de Servicio | Biblioteca Nacional Pedro Henríquez Ureña | Biblioteca Nacional Pedro Henríquez Ureña | Depósito | 28.06.2021 | Donado por MAPRE | B167r | 2021-27390 | 14.10.2021 | 14.10.2021 | Libro y Folleto Colección Dominicana de Servicio | e.5 | ||||
| Dewey Decimal Classification | Préstamo en sala | Dominicana de Servicio | Biblioteca Nacional Pedro Henríquez Ureña | General | Depósito | 28.06.2021 | Donado por MAPRE | B167r | 2021-27389 | 14.10.2021 | 14.10.2021 | Libro y Folleto Colección Dominicana de Servicio | e.4 | ||||
| Dewey Decimal Classification | Excluido de préstamo | Patrimonio Dominicano | Biblioteca Nacional Pedro Henríquez Ureña | Patrimonio Dominicano | Depósito | 28.06.2021 | Donado por MAPRE | B167r | 2021-27386 | 14.10.2021 | 14.10.2021 | Libro y Folleto Colección Patrimonio Dominicano | |||||
| Dewey Decimal Classification | Excluido de préstamo | Patrimonio Dominicano | Biblioteca Nacional Pedro Henríquez Ureña | Patrimonio Dominicano | Depósito | 28.06.2021 | Donado por MAPRE | B167r | 2021-27387 | 14.10.2021 | 14.10.2021 | Libro y Folleto Colección Patrimonio Dominicano | e.2 | ||||
| Dewey Decimal Classification | Préstamo en sala | Dominicana de Servicio | Biblioteca Nacional Pedro Henríquez Ureña | Patrimonio Dominicano | Depósito | 28.06.2021 | Donado por MAPRE | B167r | 2021-27388 | 14.10.2021 | 14.10.2021 | Libro y Folleto Colección Dominicana de Servicio | e.3 |
